000 02270cam a2200433 a 4500
001 15771640
003 OSt
005 20140310181634.0
008 090611s2010 nyu b 001 0 eng
010 _a 2009023554
020 _a9780061859441
020 _a0061859443
035 _a(OCoLC)ocn396196771
040 _aDLC
_cDLC
_dYDX
_dMOF
_dBWX
_dYDXCP
_dVP@
_dTBS
_dCO3
_dDLC
043 _aa-cc---
050 0 0 _aHC 427.95
_b.N158 2010
082 0 0 _aTR 330.951
_bN13 2010
100 1 _aNaisbitt, John.
245 1 0 _aChina's megatrends :
_bthe 8 pillars of a new society /
_cJohn and Doris Naisbitt.
250 _a1st ed.
260 _aNew York, NY :
_bHarper Business,
_cc2010.
300 _axii, 257 p. ;
_c24 cm.
504 _aIncludes bibliographical references and index.
505 0 _aPrologue: a new system on the rise -- Introduction -- Pillar number one: emancipation of the mind -- Pillar number two: balancing top-down and bottom-up -- Pillar number three: framing the forest and letting the trees grow -- Pillar number four: crossing the river by feeling the stones -- Pillar number five: artistic and intellectual ferment -- Pillar number six: joining the world -- Pillar number seven: freedom and fairness -- Pillar number eight: From Olympic gold medals to Nobel prizes -- Matters in dispute.
520 _aAnalyzes data and information from across all of China's provinces and cities to offer a unique perspective on the transformation that is reshaping the country's economic, social and political systems.
521 _aFaculty
541 _j1
562 _eFor circulation. 1 copy in the collection
650 0 _aEconomic forecasting
_zChina.
650 0 _aSocial prediction
_zChina.
651 0 _aChina
_xEconomic conditions
_y2000-
651 0 _aChina
_xSocial conditions
_y2000-
700 1 _aNaisbitt, Doris.
856 4 2 _3Contributor biographical information
_uhttp://www.loc.gov/catdir/enhancements/fy1010/2009023554-b.html
856 4 2 _3Publisher description
_uhttp://www.loc.gov/catdir/enhancements/fy1010/2009023554-d.html
906 _a7
_bcbc
_corignew
_d1
_eecip
_f20
_gy-gencatlg
942 _2lcc
_cBK-RES
_kTR
999 _c628
_d628